MEDIA AUR JANSANCHAR (Record no. 5312)

MARC details
000 -LEADER
fixed length control field 00379nam a22001577a 4500
005 - DATE AND TIME OF LATEST TRANSACTION
control field 20161024105224.0
008 - FIXED-LENGTH DATA ELEMENTS--GENERAL INFORMATION
fixed length control field 161024b xxu||||| |||| 00| 0 eng d
020 ## - INTERNATIONAL STANDARD BOOK NUMBER
ISBN 978-81-7138-200-2
041 ## - LANGUAGE CODE
Language code of text/sound track or separate title eng
100 ## - MAIN ENTRY--AUTHOR NAME
Personal name NANDA,VARTIKA SAHAY,UDAY
245 ## - TITLE STATEMENT
Title MEDIA AUR JANSANCHAR
260 ## - PUBLICATION, DISTRIBUTION, ETC. (IMPRINT)
Name of publisher SAMAYEK
300 ## - PHYSICAL DESCRIPTION
Number of Pages 143
650 ## - SUBJECT ADDED ENTRY--TOPICAL TERM
Topical Term MASS COMM JOURNALISM
942 ## - ADDED ENTRY ELEMENTS (KOHA)
Koha item type Books
Holdings
Lost status Damaged status Home library Current library Shelving location Date acquired Source of acquisition Cost, normal purchase price Accession Number Koha item type
    JRU Library   SHELF-32-H 24/10/2016 Purchase 200.00 21433 Books
    JRU Library   SHELF-32-H 24/10/2016 Purchase 200.00 21434 Books
Lost and Paid For   JRU Library     24/10/2016 Purchase 200.00 21435 Books
    JRU Library   SHELF-32-I 24/10/2016 Purchase 200.00 21436 Books